Plasticizer technology. V 1 (Record no. 23154)

MARC details
000 -LEADER
fixed length control field 00303nam a2200121Ia 4500
082 ## - DEWEY DECIMAL CLASSIFICATION NUMBER
Classification number 678.049
Item number BRU.1
100 ## - MAIN ENTRY--AUTHOR NAME
Personal name Bruins, Paul F
245 #0 - TITLE STATEMENT
Title Plasticizer technology. V 1
260 ## - PUBLICATION, DISTRIBUTION, ETC. (IMPRINT)
Place of publication New York
Name of publisher Reinhold
Year of publication 1965
490 ## - SERIES STATEMENT
Series statement Plasticizers
942 ## - ADDED ENTRY ELEMENTS (KOHA)
Koha item type Books
Holdings
Withdrawn status Lost status Damaged status Not for loan Home library Current library Date acquired Cost, normal purchase price Full call number Accession Number Koha item type
        RRII Library RRII Library 16/12/2021 14.50 678.049 BRU.1 03856 Books